Hertha BSC Squad 2017-2018 - Statistics

General Stats
  • This quiz has been taken 6 times
  • The average score is 20 of 31
Answer Stats
# Position Nation Player % Correct
24 MF Japan Genki Haraguchi
100%
10 MF Slovakia Ondrej Duda
100%
2 DF Slovakia Peter Pekarík
100%
22 GK Norway Rune Jarstein
100%
25 DF Nigeria Jordan Torunarigha
83%
21 DF Germany Marvin Plattenhardt
83%
11 FW Australia Mathew Leckie
83%
- Coach Hungary Pál Dárdai
83%
32 FW Hungary Palkó Dárdai
83%
8 FW Ivory Coast Salomon Kalou
83%
15 DF Germany Sebastian Langkamp
83%
14 FW Switzerland Valentin Stocker
83%
19 FW Bosnia and Herzegovina Vedad Ibišević
83%
6 MF Czech Republic Vladimír Darida
83%
7 FW Germany Alexander Esswein
67%
27 FW Germany Davie Selke
67%
33 GK United States Jonathan Klinsmann
67%
5 DF Germany Niklas Stark
67%
3 MF Norway Per Ciljan Skjelbred
67%
1 GK Germany Thomas Kraft
67%
28 MF Switzerland Fabian Lustenberger
50%
16 FW Germany Julian Schieber
50%
4 DF Netherlands Karim Rekik
50%
17 DF Germany Maximilian Mittelstädt
50%
30 MF Germany Julius Kade
33%
23 DF Germany Mitchell Weiser
33%
35 MF Germany Sidney Friede
33%
20 FW Austria Valentino Lazaro
33%
26 MF Germany Arne Maier
17%
29 DF Germany Florian Baak
17%
18 FW Germany Sinan Kurt
0%
No matching quizzes found
Score Distribution
Percent of People with Each Score
Percentile by Number Answered
Your Score History
You have not taken this quiz